000 00536nam a2200181 a 4500
001 000042629
005 20201002040302.0
008 140203s1991 sp 000 0 spa d
020 _a8472234916
040 _aDO-SdBNP
_bspa
_cBNPHU
082 _axxxxx
_bxxxxx
100 1 _aCumming, Anne,
_d1917-
_969891
245 1 0 _aEn busca del amor :
_buna odisea sexual /
_cAnne Cumming.
260 _aBarcelona, :
_bTusQuets,
_c1991.
300 _a289 p. ;
_c20 cm.
490 1 _aLa sonrisa vertical
_v80
830 0 _aLa sonrisa vertical
_n80
_969892
999 _c42118
_d42118